Animal Name Spelling Test Quiz Stats

 Plays Quiz not verified by Sporcle

Support Sporcle.
Go Orange.
Score 0/10 Timer 01:00
0 Plays Today
Question Answer Wrong Answers
What is the correct spelling of this animal name? tiger
90.5%
tyger
1.4%
tigur
1.4%
tygur
0%
What is the correct spelling of this animal name? rhino
89.1%
rino
4.8%
rinoh
2%
rhinoh
2.7%
What is the correct spelling of this animal name? human
83.7%
homan
1.4%
hooman
0.7%
humman
4.1%
What is the correct spelling of this animal name? elephant
78.9%
elaphant
14.3%
ellafant
0.7%
elephint
0%
What is the correct spelling of this animal name? llama
75.5%
lama
6.8%
lamma
4.8%
llamma
8.2%
What is the correct spelling of this animal name? lizard
74.1%
lizzard
15.6%
lizurd
0.7%
lizzurd
0.7%
What is the correct spelling of this animal name? dolphin
72.8%
dolfin
2.7%
dollfin
0%
dollphin
6.8%
What is the correct spelling of this animal name? antelope
63.3%
antilope
15.6%
analope
2.7%
anntilop
2%
What is the correct spelling of this animal name? chameleon
61.2%
camilion
6.1%
chamileon
8.8%
cameleon
10.9%
What is the correct spelling of this animal name? orangutan
37.4%
orangutang
15%
oragutan
15%
orangitang
8.8%

You're not logged in!

Compare scores with friends on all Sporcle quizzes.
OR
Log In

From the Vault

5x5 in 90: Mixed History Minefield Blitz

by kfastic

History is full of mines, unfortunately.
Remove Ads.
Support Sporcle.
Get the best of Sporcle when you Go Orange. This ad-free experience offers more features, more stats, and more fun while also helping to support Sporcle. Thank you for becoming a member.

Show Comments

Extras

Created Feb 5, 2018ReportNominate
Tags:Animal Quiz, Spelling, test

Top Quizzes Today


Score Distribution

Your Account Isn't Verified!

In order to create a playlist on Sporcle, you need to verify the email address you used during registration. Go to your Sporcle Settings to finish the process.

Report this User

Report this user for behavior that violates our Community Guidelines.

Details: